Logo BPK

Biblioteka

Politechniki Koszalińskiej

Werkzeugmaschinen Atlas. (Rekord nr 13300)

Szczegóły MARC
000 -ETYKIETA REKORDU
podpole kontrolne o stałej długości 00359nam a2200133 i 4500
001 - NUMER KONTROLNY REKORDU
pole kontrolne bg
040 ## - ŹRÓDŁO KATALOGOWANIA
Instytucja, która utworzyła rekord BPK
041 ## - KOD JĘZYKA
Kod języka tekstu pol
008 - POLE O STAŁEJ DŁUGOŚCI - DANE KONTROLNE
podpole kontrolne o stałej długości s pl f |000 0 pol
100 1# - NAZWA OSOBOWA
Nazwa osobowa SCHMIDT-KARLSRUHE, Walter.
245 #0 - TYTUŁ/ODPOWIEDZIALNOŚĆ
Tytuł Werkzeugmaschinen Atlas.
Oznaczenie części/sekcji dzieła Tl.1,
Tytuł części/sekcji dzieła Betten und Gestelle /
Pozostałe elementy strefy tytułu i oznaczenia odpowiedzialności Walter Schmidt-Karlsruhe.
260 ## - STREFA ADRESU WYDAWNICZEGO
Miejsce wydania Düsseldorf,
Data publikacji, dystrybucji/powstania dokumentu 1966.
856 ## - LOKALIZACJA I DOSTĘP DO ELEKTRONICZNYCH DOKUMENTÓW ZDALNYCH
Link (URL) http://koha.tu.koszalin.pl/cgi-bin/koha/opac-detail.pl?biblionumber=13300
Tekst linku Katalog online BPK
942 ## - DODATKOWE ELEMENTY (KOHA)
Typ dokumentu Książka
Egzemplarze
Wycofany Status egzemplarza Uszkodzony Dostępność Lokalizacja stała Lokalizacja bieżąca Miejsce przechowywania Sygnatura Kod kreskowy Typ dokumentu
      Dostępny Biblioteka Politechniki Koszalińskiej Biblioteka Politechniki Koszalińskiej Wypożyczalnia BG 10261 01750126 Książka
      Dostępny Biblioteka Politechniki Koszalińskiej Biblioteka Politechniki Koszalińskiej Wypożyczalnia BG 10262 01750133 Książka
© 2023 Biblioteka Politechniki Koszalińskiej :: KOHA